01686cam a22003374i 4500003000900000005001700009008004100026035002000067040003300087082001700120100003100137245009300168264003100261300003800292336002100330337002500351338002300376505082600399526001001225526001001235526001001245526001001255526000801265526000801273526000801281526000801289526000801297526000801305526000801313650002701321PE-LiUPU20250731172930.0 s1962 nyu r 000 0 eng d a(Sirsi) a204303 aPE-LiUPUbspacPE-LiUPUerda04a230bT472211 aThielicke, Helmut,eautor.10aChrist and the meaning of life :bA book of sermons and meditations /cHelmut Thielicke. 1aNew York :bHarper,c1962. a347 páginas ;c20 centímetros atext2rdacontent aunmediated2rdamedia avolume2rdacarrier2 aWorld history and world judment -- Jesus christ in the from-line trenches -- The reflection in a dark glass -- The festival of light -- Time and eternity -- Death and life -- The supreme love -- The cry of dereliction -- An easter stroll -- Living by the resurrection -- The miracle of the spirit -- The parable of the treasure in the field and the pearl of great price -- The parable of the unmerciful servant -- The parable of the importunate widow -- The meaning of life -- Our prayers -- Who am I? -- How to love your neighbor -- What does it mean to trust? -- Faith and the philosophies -- On being afraid of life -- Is techonology diabolical? -- Our freedom and our free time -- The origin of man -- What dos it mean to take God seriously? -- The animals -- Theme number 1 in our preaching -- The joy of repentance. aSEG42 aSEG41 aSEG40 aSEG39 aP94 aP87 aP86 aP85 aP77 aP76 aP3504aSermonesxMeditaciones